Hermann Bonnín : el mètode de saber escoltar / el mètode de saber escoltar /
MARC
| LEADER | 00000nam a2200000 i 4500 | ||
|---|---|---|---|
| 001 | 25845 | ||
| 005 | 20260324181121.0 | ||
| 008 | 181010e201809--spca r 000 0dcat|c | ||
| 017 | |a DL B 17980-2018 |b Biblioteca de Catalunya | ||
| 020 | |a 9788498038392 | ||
| 080 | |a Bib-633 | ||
| 100 | |a Bonnín, Hermann, |d 1935- |e entrevistat |9 41455 | ||
| 245 | 1 | 0 | |a Hermann Bonnín : |b el mètode de saber escoltar / |c Jordi Coca |
| 246 | 3 | 3 | |a Mètode de saber escoltar |
| 250 | |a Primera edició | ||
| 264 | 1 | |a Barcelona : |b Institut del Teatre, |c setembre 2018 | |
| 300 | |a 126 pàgines : |b il·lustracions ; |c 20 cm | ||
| 336 | |a text |b txt |2 rdacontent | ||
| 337 | |a sense mediació |b n |2 rdamedia | ||
| 338 | |a volum |b nc |2 rdacarrier | ||
| 490 | 1 | |a Converses ; |v 2 | |
| 600 | 0 | |a Bonnín, Hermann, |d 1935- |2 lemac |9 53345 |v Intervius | |
| 650 | 0 | |a Directors escènics |z Catalunya |y S. XX |9 53346 |v Intervius | |
| 650 | 0 | |a Actors |z Catalunya |y S. XX |9 53347 |v Intervius | |
| 700 | |a Coca, Jordi, |d 1947- |e entrevistador |9 28798 | ||
| 710 | 1 | |a Institut del Teatre (Barcelona, Catalunya) |e entitat editora |9 52662 | |
| 830 | 0 | |a Converses (Institut del Teatre (Barcelona, Catalunya)) ; |v 2 | |
| 908 | |a CDMAE |a AHCB |a BAB | ||
| 940 | |a IT | ||
| 942 | |2 udc |c ARXIU |n 1 | ||
| 952 | |0 0 |1 0 |4 0 |6 BIB633 |7 1 |9 62304 |a Arxiu |b Arxiu |d 2022-06-09 |l 0 |o Bib-633 |p 25845 |r 2022-06-09 00:00:00 |w 2022-06-09 |y ARXIU | ||
| 999 | |c 81966 |d 81966 | ||